Test de culture générale. - Statistiques

Statistiques générales
  • Ce quiz a été pris 70 fois
  • Le résultat moyen est 8 sur 15
Statistiques - réponses
Hint Réponse % Correct
Qui mange kacher ? Les juifs
83%
Quel est le pays le plus peupler ? Inde
78%
Quel marque de stylo veut dire elle même sont objet ? Bic
77%
Qui est le roi de la pop ? Michael Jackson
71%
Quel est le 6e Président de la Ve République française ? François Hollande
66%
Quel marque de vêtement commençant par L a un logo d'animal ? Lacoste
66%
Quelle femme marque l’histoire aux États-Unis en 1955, en refusant de céder sa place à un homme blanc dans un bus ? Rosa Parks
66%
Qui est la personne la plus riche au monde ? Elon Musk
62%
Quel est l'inverse d'un exposant au carré ? racine carré
46%
Qui est l'artiste la plus écouter au monde ? Taylor Swift
43%
Que fait 20 + 20 en musculation ? 60
37%
Quel personnage de dessin animé représente une coccinelle ? Lady Bug
31%
Qui est le gardien de manchester city ? Gianluigi Donnarumma
25%
Quel pokemon est le plus aimer ? Amphinobi
6%
Quel a été le premier jeu vidéo au monde ? oxo
5%
Aucun quiz correspondant
Distribution des résultats
% des personnes avec chaque résultat
Percentile par nombre de réponses
Votre historique - résultats
Vous n’avez pas pris ce quiz